|
|
|
|
| LEADER |
00000cam a2200000 a 4500 |
| 001 |
vtls001134616 |
| 003 |
SK-MaSNL |
| 005 |
20260311123315.0 |
| 008 |
250414s1992 xr o fr o00000 cze |
| 035 |
|
|
|a SNK000077468
|
| 040 |
|
|
|a SNK
|b slo
|c SNK
|e AACR2
|
| 041 |
0 |
|
|a cze
|
| 043 |
|
|
|a e-cs---
|
| 044 |
|
|
|a xr
|c CZ
|
| 072 |
|
7 |
|a 355/359
|x Vojenstvo. Obrana krajiny. Ozbrojené sily
|2 konspekt
|
| 080 |
|
|
|a 355/359(437)
|2 1981
|
| 080 |
|
|
|a 355.3
|2 2011
|
| 080 |
|
|
|a (437)
|2 2011
|
| 245 |
0 |
0 |
|a Základní fakta o Československé armádě
|c autor fotogr. Václav Jukl
|
| 260 |
|
|
|a Praha
|b FMO
|c 1992
|
| 300 |
|
|
|a 63 s.
|b fotogr.
|c 20 cm
|
| 610 |
1 |
7 |
|a Československo.
|b Armáda
|2 SNKKA
|9 163619
|
| 650 |
0 |
7 |
|a armáda
|2 SNKPH
|9 1643
|
| 651 |
|
7 |
|a Československo
|2 SNKPH
|9 21376
|
| 655 |
|
7 |
|a informačné publikácie
|2 SNKPH
|9 70181
|
| 700 |
1 |
|
|a Jukl, Václav
|4 pht
|9 378019
|
| 852 |
|
|
|a Slovenská národná knižnica
|
| 954 |
|
|
|a odborná, vedecká literatúra cudzojazyčná (svetová)
|2 lita
|
| 958 |
|
|
|a OND
|
| 958 |
|
|
|a TL
|
| 958 |
|
|
|a CZ
|
| 999 |
|
|
|c 622521
|d 624451
|
| 952 |
|
|
|t P60, <04>, [BOOK], {604}
|a SNK
|b SNK
|y VYP
|7 0
|p 17A0311295
|o snkSC 81872 D1
|i snkKIP 5010/92
|0 0
|1 0
|4 0
|d 2001-08-20
|l 0
|r 2005-01-01 00:00:00
|w 2026-02-23
|
| 952 |
|
|
|a SNK
|b SNK
|y PREZ
|7 0
|p 17A0994180
|o snkSC 81872
|0 0
|1 0
|4 0
|d 2012-08-14
|l 0
|r 2025-08-18 00:00:00
|w 2026-02-23
|